Arbitration law handbook (Record no. 107850)

MARC details
000 -LEADER
fixed length control field 01339cam a22002535a 4500
001 - CONTROL NUMBER
control field L142204
008 - FIXED-LENGTH DATA ELEMENTS--GENERAL INFORMATION
fixed length control field 080129s2007 xxk f 001 0 eng d
020 ## - INTERNATIONAL STANDARD BOOK NUMBER
International Standard Book Number 9781843117087
035 ## - SYSTEM CONTROL NUMBER
System control number (Sirsi) u142204
041 0# - LANGUAGE CODE
Language code of text/sound track or separate title eng
050 04 - LIBRARY OF CONGRESS CALL NUMBER
Classification number 347.4109 $2 18
100 1# - MAIN ENTRY--PERSONAL NAME
Personal name Horn, Ben
245 00 - TITLE STATEMENT
Title Arbitration law handbook
260 ## - PUBLICATION, DISTRIBUTION, ETC.
Place of publication, distribution, etc. London
Name of publisher, distributor, etc. Informa Law
Date of publication, distribution, etc. 2007
300 ## - PHYSICAL DESCRIPTION
Extent xv, 1016p.
Dimensions 25cm.
505 2# - FORMATTED CONTENTS NOTE
Formatted contents note Agreements relating to international commercial arbitration -- Australia -- Austria -- Belgium -- Brazil -- Canada -- China -- France -- Germany -- Hong Kong -- India -- Ireland -- Japan -- Korea -- Mexico -- Netherlands -- Norway -- Russian Federation -- Singapore -- Sweden -- Switzerland -- Ukraine -- United Arab Emirates -- United Kingdom -- United States of America
520 ## - SUMMARY, ETC.
Summary, etc. Presents a collection of the laws governing arbitration in 25 countries. Includes procedural rules and any separate maritime arbitration rules. Also mentions treaty obligations. Covers the main arbitral bodies. Also sets out the UNCITRAL Model Law and Arbitration Rules, and major international conventions.
521 2# - TARGET AUDIENCE NOTE
Target audience note Advanced
590 ## - LOCAL NOTE (RLIN)
Local note KA
651 #4 - SUBJECT ADDED ENTRY--GEOGRAPHIC NAME
Geographic name International
690 ## - LOCAL SUBJECT ADDED ENTRY--TOPICAL TERM (OCLC, RLIN)
Topical term or geographic name as entry element MANAGEMENT-DISPUTE AVOIDANCE, MANAGEMENT AND RESOLUTION-DISPUTE MANAGEMENT AND RESOLUTION-ARBITRATION
700 1# - ADDED ENTRY--PERSONAL NAME
Personal name Hopkins, Roger
942 ## - ADDED ENTRY ELEMENTS (KOHA)
Suppress in OPAC 0
Holdings
Withdrawn status Lost status Source of classification or shelving scheme Damaged status Not for loan Home library Current library Shelving location Date acquired Cost, normal purchase price Total Checkouts Full call number Barcode Date last seen Date last checked out Copy number Cost, replacement price Price effective from Koha item type
    Dewey Decimal Classification     London London Books 18/03/2008 210.00 6 347.4109 HOR 30072700 06/08/2019 21/01/2010 1 210.00 06/08/2019 Book